000 02420nam0a2200469 4500
001 RU\NLR\bibl\177546
005 20250618062014.0
010 _a5-7418-0009-2
_9210
021 _aRU
_b2001-23225
_91102
035 _a(NLR Aleph) 000174241
090 _a1004755
_c1004755
100 _a20010803d2001 |||y0rusy50 ca
101 0 _arus
102 _aRU
105 _aa |||||||||
200 1 _aГидравлика и гидропривод
_e[Учеб. пособие по направлению "Горное дело" и специальности "Горные машины и оборудование"]
_fН. С. Гудилин, Е. М. Кривенко, Б. С. Маховиков, И. Л. Пастоев
_gПод общ. ред. И. Л. Пастоева; [Моск. гос. горный ун-т]
205 _a2-е изд., стер.
210 _aМ.
_cИзд-во Моск. гос. горного ун-та
_d2001
215 _a519 с.
_cил.
_d21
225 1 _aВысшее горное образование
320 _aБиблиогр.: с. 518-519
606 0 _aРудничные гидравлические приводы
_jРуководства, пособия и т.п. для высшей школы
_91424686
_3RU\NLR\auth\66290306
606 0 _aРудничные гидравлические приводы
_jУчебные издания для высшей школы
_91424686
_3RU\NLR\auth\66290306
606 0 _aГидравлика
_jРуководства, пособия и т.п. для высшей школы
_91059651
_3RU\NLR\auth\6692643
606 0 _aГидравлика
_jУчебные издания для высшей школы
_91059651
_3RU\NLR\auth\6692643
610 0 _aГидравлика
610 0 _aГидравлические приводы
675 _a[532+62-82](075.8)
_v3
_zrus
686 _a30.17
_2rugasnti
686 _a30.123я73
_2rubbk
686 _aИ-5-041.73я73-1
686 _aЖ123я73-1
701 1 _aГудилин
_gНиколай Семенович
_4070
701 1 _aКривенко
_gЕвгений Маркович
_4070
701 1 _aМаховиков
_gБорис Серафимович
_4070
702 1 _aПастоев
_gИгорь Леонидович
_4340
801 0 _aRU
_bRKP
_c20010803
_gPSBO
801 1 _aRU
_bRKP
_c20010803
801 2 _aRU
_bNLR
_c20010920
_grcr
942 _cBOOK
980 _aNB